000 00795nmc a2200301 a 4500
003 AR-BaBNM
005 20251128204528.0
008 011101s1995 ||||||||||||||000 | spa||
020 _a950-16-3054-4
040 _cAR-BaBNM
100 1 _aLópez, Carlos
245 1 0 _aTalleres ¿cómo hacerlos?
260 _aBuenos Aires
_bTroquel
_c1995
300 _a111 p.
_bgráfs., tablas, cuadros
490 0 _aTroquel educación
504 _aContiene bibliografía
650 4 _aTALLERES ESCOLARES
650 4 _aCREATIVIDAD
650 4 _aPROCESO DE APRENDIZAJE
650 4 _aMETODOS DE ENSENANZA
650 4 _aPLANIFICACION
650 4 _aMATERIAL DIDACTICO
650 4 _aEVALUACION
650 4 _aDINAMICA DE GRUPO
650 4 _aACTIVIDADES EN GRUPO
942 _cBK
998 _cGrace
999 _c7794
_d7794